[Event "AUT-chT2O 9798"]
[Site "Austria"]
[Date "1997.11.07"]
[Round "1"]
[White "Schaubmair, Manfred"]
[Black "Stanka, Wolfgang"]
[Result "1/2-1/2"]
[WhiteElo "2230"]
[BlackElo "2130"]
[PlyCount "64"]
[EventDate "1997.??.??"]
[EventType "team-tourn"]
[EventRounds "13"]
[EventCountry "AUT"]
[SourceTitle "EXT 1999"]
[Source "ChessBase"]
[SourceDate "1998.11.16"]
[SourceVersion "1"]
[SourceVersionDate "1998.11.16"]
[SourceQuality "1"]

1. d4 d5 2. Nf3 Nf6 3. c4 c6 4. cxd5 cxd5 5. Nc3 Nc6 6. Bf4 Bf5 7. e3 e6 8. Qa4 Nd7 9. Bb5 Rc8 10. Bxc6 Rxc6 11. Qxa7 Qc8 12. Qa5 Ra6 13. Qc7 Qa8 14. Ne5 Nxe5 15. Qxe5 f6 16. Qb8+ Qxb8 17. Bxb8 Rb6 18. 0-0 Rxb2 19. Rfc1 Kd7 20. Na4 Rc2 21. Rab1 b5 22. Nb6+ Kc6 23. Rxc2+ Bxc2 24. Rc1 Kxb6 25. Rxc2 Be7 26. Bc7+ Kb7 27. Ba5 Rc8 28. Rxc8 Kxc8 29. Kf1 Kb7 30. Ke2 Ka6 31. Bc3 Kb6 32. Kd3 Bd6 1/2-1/2

[Event "AUT-chT2O 9697"]
[Site "Austria"]
[Date "1997.??.??"]
[Round "11"]
[White "Schirmbeck, Hannes"]
[Black "Schaubmair, Manfred"]
[Result "0-1"]
[WhiteElo "2175"]
[BlackElo "2285"]
[PlyCount "82"]
[EventDate "1996.??.??"]
[EventType "team-tourn"]
[EventRounds "11"]
[EventCountry "AUT"]
[SourceTitle "EXT 1998"]
[Source "ChessBase"]
[SourceDate "1997.11.17"]
[SourceVersion "1"]
[SourceVersionDate "1997.11.17"]
[SourceQuality "1"]

1. e4 c6 2. d3 d5 3. Nd2 e6 4. Ngf3 Ne7 5. g3 Ng6 6. Bg2 h5 7. h4 Nd7 8. 0-0 Be7 9. Qe2 Nf6 10. Ng5 Ng4 11. Nh3 Bd7 12. Nf3 Qb6 13. exd5 cxd5 14. a4 Rc8 15. Nhg5 Qb4 16. c3 Qd6 17. d4 Rc4 18. Qc2 Qc7 19. Re1 Bf6 20. Nxe6 Bxe6 21. Rxe6+ fxe6 22. Qxg6+ Qf7 23. Qd3 0-0 24. b3 Rc6 25. c4 dxc4 26. bxc4 Rd8 27. Ra2 Rcd6 28. Ba3 R6d7 29. Kf1 Ne5 30. Nxe5 Bxe5 31. d5 exd5 32. Bxd5 Rxd5 33. cxd5 Rxd5 34. Qc2 Bxg3 35. Qc8+ Kh7 36. Re2 Bxh4 37. Bb2 Rd1+ 38. Kg2 Qg6+ 39. Kf3 Qf7+ 40. Kg2 Qg6+ 41. Kf3 Rd3+ 0-1

[Event "Donau op-A 05th"]
[Site "Aschach"]
[Date "1996.??.??"]
[Round "3"]
[White "Schaubmair, Manfred"]
[Black "Casagrande, Harald"]
[Result "0-1"]
[WhiteElo "2285"]
[BlackElo "2370"]
[PlyCount "118"]
[EventDate "1996.12.??"]
[EventType "swiss"]
[EventRounds "7"]
[EventCountry "AUT"]
[SourceTitle "EXT 1998"]
[Source "ChessBase"]
[SourceDate "1997.11.17"]
[SourceVersion "1"]
[SourceVersionDate "1997.11.17"]
[SourceQuality "1"]

1. d4 g6 2. Nf3 Bg7 3. c3 d6 4. Bf4 Nd7 5. e3 e5 6. dxe5 dxe5 7. Bg3 Ne7 8. e4 0-0 9. Bc4 h6 10. 0-0 Kh7 11. Bh4 f6 12. Nbd2 Nc5 13. Qe2 c6 14. Rfe1 b5 15. Nb3 Nxe4 16. Qxe4 Bf5 17. Qe2 bxc4 18. Qxc4 g5 19. Bg3 Qd5 20. Qb4 Qf7 21. Rad1 Rfb8 22. Qd6 Rb7 23. Rd2 Bf8 24. Qc5 Be6 25. Qe3 Bxb3 26. axb3 Nd5 27. Qd3+ Kg7 28. Qc4 Ne7 29. Qxf7+ Kxf7 30. b4 Rc8 31. Red1 Nd5 32. b5 Nb6 33. bxc6 Rxc6 34. Bxe5 Nc4 35. Rd7+ Rxd7 36. Rxd7+ Ke8 37. Rc7 Nxe5 38. Rxa7 Nxf3+ 39. gxf3 Bd6 40. Rh7 Rb6 41. Rxh6 Be5 42. h4 gxh4 43. f4 Bxf4 44. Rxh4 Bd2 45. Rd4 Rxb2 46. c4 Bb4 47. Rf4 Kf7 48. Kg2 Rc2 49. Kh3 Bd6 50. Rf3 Rxc4 51. Rd3 Be5 52. Kg2 Rc2 53. Kf1 Ke6 54. Ke1 Kf5 55. Rf3+ Ke4 56. Rh3 f5 57. Rh5 Bd4 58. f3+ Ke3 59. Kd1 Rc5 0-1

[Event "Donau op 04th"]
[Site "Aschach"]
[Date "1995.??.??"]
[Round "6"]
[White "Djurkovic, Maks"]
[Black "Schaubmair, Manfred"]
[Result "0-1"]
[WhiteElo "2105"]
[BlackElo "2290"]
[PlyCount "63"]
[EventDate "1995.12.??"]
[EventType "swiss"]
[EventRounds "7"]
[EventCountry "AUT"]
[SourceTitle "EXT 1997"]
[Source "ChessBase"]
[SourceDate "1996.11.15"]
[SourceVersion "1"]
[SourceVersionDate "1996.11.15"]
[SourceQuality "1"]

1. d4 d5 2. Nf3 Nf6 3. c4 c6 4. e3 e6 5. Nc3 b6 6. cxd5 exd5 7. Qc2 Bd6 8. Bd3 0-0 9. Ne5 h6 10. f4 c5 11. b3 Bb7 12. 0-0 Nc6 13. Bf5 cxd4 14. Nxc6 Bxc6 15. exd4 Bd7 16. Bxd7 Qxd7 17. a3 Rfe8 18. Bd2 Re7 19. Qd3 Rae8 20. b4 Bb8 21. Nd1 Ne4 22. Be3 Nd6 23. Ra2 Nc4 24. Bc1 Qg4 25. h3 Qh5 26. g4 Qh4 27. Kg2 Re4 28. Rc2 b5 29. Rxc4 dxc4 30. Qc3 Re2+ 31. Rf2 h5 32. Be3 0-1

[Event "Donau op 04th"]
[Site "Aschach"]
[Date "1995.??.??"]
[Round "7"]
[White "Schaubmair, Manfred"]
[Black "Balinov, Ilia"]
[Result "0-1"]
[WhiteElo "2290"]
[BlackElo "2355"]
[PlyCount "76"]
[EventDate "1995.12.??"]
[EventType "swiss"]
[EventRounds "7"]
[EventCountry "AUT"]
[SourceTitle "EXT 1997"]
[Source "ChessBase"]
[SourceDate "1996.11.15"]
[SourceVersion "1"]
[SourceVersionDate "1996.11.15"]
[SourceQuality "1"]

1. d4 Nf6 2. Nf3 g6 3. c3 Bg7 4. Bf4 d6 5. h3 0-0 6. e3 Nbd7 7. Be2 b6 8. 0-0 Bb7 9. a4 a6 10. b4 e6 11. Nbd2 Nd5 12. Rc1 Nxf4 13. exf4 Qe7 14. b5 axb5 15. axb5 Bh6 16. g3 e5 17. fxe5 dxe5 18. dxe5 Bxf3 19. Bxf3 Rad8 20. Rc2 Nxe5 21. Bg2 Nc4 22. f4 Qc5+ 23. Rf2 Ne3 24. Qb1 Nxc2 25. Qxc2 Bg7 26. Ne4 Qxb5 27. Kh2 Qd3 28. Qb3 Rfe8 29. Ng5 Re7 30. f5 gxf5 31. Bf1 Qe3 32. Rxf5 Rd2+ 33. Kh1 Qxg3 34. Nf3 Rf2 35. Qd1 Re8 36. Qd3 h6 37. Qc4 Re7 38. Qd3 Re1 0-1

[Event "Donau op 04th"]
[Site "Aschach"]
[Date "1995.??.??"]
[Round "5"]
[White "Schaubmair, Manfred"]
[Black "Ciolac, Gheorghe"]
[Result "0-1"]
[WhiteElo "2290"]
[BlackElo "2395"]
[PlyCount "98"]
[EventDate "1995.12.??"]
[EventType "swiss"]
[EventRounds "7"]
[EventCountry "AUT"]
[SourceTitle "EXT 1997"]
[Source "ChessBase"]
[SourceDate "1996.11.15"]
[SourceVersion "1"]
[SourceVersionDate "1996.11.15"]
[SourceQuality "1"]

1. d4 Nf6 2. Nf3 e6 3. c3 b6 4. Bg5 Bb7 5. Nbd2 Be7 6. e3 c5 7. Bd3 cxd4 8. exd4 d6 9. 0-0 Nbd7 10. Re1 0-0 11. a4 a6 12. Nc4 Re8 13. Bf4 Qc7 14. h3 Bf8 15. Bf1 Rad8 16. Bh2 g6 17. Qe2 Nd5 18. Qd2 N7f6 19. Qg5 Be7 20. Qh6 Bf8 21. Qg5 Nh5 22. Ne3 Ndf6 23. Ng4 Ne4 24. Qc1 f5 25. Ne3 Bh6 26. Qd1 Nef6 27. Qb3 Kh8 28. Nd2 Nd5 29. Ndc4 Nhf6 30. Nxd5 Nxd5 31. Qa3 f4 32. Qb3 e5 33. dxe5 dxe5 34. Rad1 Bg7 35. Bd3 Rb8 36. Kf1 Nf6 37. f3 Bd5 38. Be2 b5 39. Rxd5 Nxd5 40. axb5 axb5 41. Nd2 Ne3+ 42. Kg1 b4 43. Ne4 bxc3 44. Qxc3 Qb6 45. Kh1 Rec8 46. Qd3 Qxb2 47. Nf2 Rd8 48. Qa6 Qd2 49. Ra1 Rb2 0-1

[Event "Vienna op"]
[Site "Vienna"]
[Date "1995.??.??"]
[Round "3"]
[White "Schaubmair, Manfred"]
[Black "Teske, Henrik"]
[Result "0-1"]
[WhiteElo "2290"]
[BlackElo "2500"]
[PlyCount "42"]
[EventDate "1995.??.??"]
[EventType "swiss"]
[EventRounds "9"]
[EventCountry "AUT"]
[SourceTitle "EXT 1998"]
[Source "ChessBase"]
[SourceDate "1997.11.17"]
[SourceVersion "1"]
[SourceVersionDate "1997.11.17"]
[SourceQuality "1"]

1. d4 e6 2. Nf3 c5 3. c3 Nf6 4. Bg5 d5 5. e3 Nbd7 6. Nbd2 Be7 7. Bd3 b6 8. Rc1 Bb7 9. 0-0 h6 10. Bf4 0-0 11. Ne5 Ne4 12. Ndf3 f5 13. Nxd7 Qxd7 14. Bxe4 fxe4 15. Ne5 Qe8 16. Qg4 Rf6 17. f3 Ba6 18. Rf2 cxd4 19. exd4 Rxf4 20. Qxe6+ Kh7 21. Re1 Bh4 0-1